000 00941nam a22002777a 4500
999 _c33720
_d33720
001 3000
003 CO-MdFUSB
005 20190202100538.0
008 180420t1997 sp ||||| |||| 00| 0 spa d
020 _a84-87940-28-5
040 _aCO-MdFUSB
_bspa
_cCO-MdFUSB
_dCO-MdFUSBC
_erda
041 0 _aspa
_heng
082 0 4 _aG 227.94 C6265d
100 1 _aClements, Roy
_eautor
245 1 3 _aDe la mente al corazón
_b : Permite que la comprensión de la verdad encienda tu pasión por Jesús
_c / Roy Clements ; Daniel Menezo, Traductor
264 4 _aBarcelona, España :
_bAndamio,
_c©1997
300 _a146 Pag
336 _2rdacontent
_atexto
_btxt
337 _2rdamedia
_asin mediación
_bn
338 _2rdacarrier
_avolumen
_bnc
500 _aTítulo original : From head to heart
650 7 _aDios
_xEnseñanza bíblica
_2
_9323
653 _aSermones bíblicos N.T. - 1Juan
653 _aBiblia N.T. - 1Juan - Enseñanza
942 _cBK